000 00721cam a22002533a 4500
001 14797
003 PGUSA
005 20140828083321.0
008 050125s2005||||xxu|||||s|||||000 1 eng d
040 _aPGUSA
_beng
042 _adc
050 4 _aPZ
100 1 _aPotter, Beatrix,
_d1866-1943
245 1 4 _aThe Tale of Timmy Tiptoes
_h[electronic resource] /
_cBeatrix Potter
260 _bProject Gutenberg,
_c2005
506 _aPublic domain in the USA.
516 _aElectronic text
653 _aAnimals -- Juvenile fiction
653 _aSquirrels -- Juvenile fiction
653 _aChildren's stories
830 0 _aProject Gutenberg
_v14797
856 4 0 _uhttp://www.gutenberg.org/ebooks/14797
942 _cEB
999 _c244052
_d244052